000 00602nam a2200205Ia 4500
003 OSt
005 20220925192042.0
006 a|||||r|||| 00| 0
007 ta
008 220923b |||||||| |||| 00| 0 eng d
037 _cGeneral Book
040 _aRTL
_cRTL
_beng
041 _2eng
_aeng
082 _aXa14,21,N7, L6.1-L6,3/BB
245 0 _aDeveloping Areas
_b A classed bibliography of the J
260 _aBoston
_bHall
_c1976
490 _vV1 : Latin America and the Caribbean
942 _hXa14,21,N7, L6.1-L6,3/BB
_cGB
_2CC
999 _c520822
_d520822